| 000 | 00715nam a22002057a 4500 | ||
|---|---|---|---|
| 999 |
_c12057 _d12057 |
||
| 003 | AR-CdUCM | ||
| 008 | 190405b ||||| |||| 00| 0 spa d | ||
| 020 | _a968-29-0008-5 | ||
| 040 |
_aMUNICIPALIDAD PROVINCIAL DEL CUSCO _cBIBLIOTECA MUNICIPAL DEL CUSCO |
||
| 082 |
_aEP / 923.20 / _bM79 |
||
| 100 |
_aMorelos. _929725 |
||
| 245 | _aHomenaje a Ermilo Abreu Gómez / | ||
| 260 |
_aMéxico : _bTalleres gráficos de la nación, _c1985. |
||
| 300 |
_a50 páginas _c27 cm. |
||
| 505 | _aContenido :El cura -- La entrevista de Morelos e Hidalgo -- La idea insurgente -- Contratiempos -- El sacrificio ... | ||
| 650 |
_aBiografías _9148 |
||
| 650 |
_aCuentos mexicanos _9413 |
||
| 942 |
_2ddc _cLIBROS |
||
| 945 | _arum | ||